[Event "Quebec-ch qual U2000a"]
[Site "Montreal CAN"]
[Date "2005.07.16"]
[Round "3"]
[White "O'Connor, Michael"]
[Black "Hajiyev, Elshad"]
[Result "0-1"]
[WhiteElo "1770"]
[BlackElo "1954"]
[PlyCount "62"]
[GameId "2160767910901255"]
[EventDate "2005.07.15"]
[EventType "swiss"]
[EventRounds "9"]
[EventCountry "CAN"]
[SourceTitle "EXT 2009"]
[Source "ChessBase"]
[SourceDate "2008.11.26"]
[SourceVersion "1"]
[SourceVersionDate "2008.11.26"]
[SourceQuality "1"]

1. d4 Nf6 2. c4 c5 3. d5 b5 4. cxb5 a6 5. f3 d6 6. e4 g6 7. Na3 Bg7 8. Ne2 O-O 9. Nc3 Nbd7 10. bxa6 Bxa6 11. Bxa6 Rxa6 12. Qe2 Rxa3 13. bxa3 Nxe4 14. Bb2 Nxc3 15. Qd2 Nb5 16. Rb1 Bxb2 17. Rxb2 Nd4 18. O-O Nf6 19. Rfb1 Qa8 20. Rb7 Nxd5 21. Qg5 Nc3 22. R1b2 Qa4 23. Qxe7 Qd1+ 24. Kf2 Nf5 25. Qg5 Qd4+ 26. Kf1 Qd1+ 27. Kf2 Re8 28. g4 Qe1+ 29. Kg2 Nh4+ 30. Kh3 Nxf3 31. Qf4 Qf1+ 0-1

[Event "Quebec-ch qual U2000a"]
[Site "Montreal CAN"]
[Date "2005.07.23"]
[Round "7"]
[White "Villeneuve, Benoit"]
[Black "Lemieux, Pierre"]
[Result "0-1"]
[WhiteElo "1862"]
[BlackElo "1909"]
[PlyCount "102"]
[GameId "2160767910901256"]
[EventDate "2005.07.15"]
[EventType "swiss"]
[EventRounds "9"]
[EventCountry "CAN"]
[SourceTitle "EXT 2009"]
[Source "ChessBase"]
[SourceDate "2008.11.26"]
[SourceVersion "1"]
[SourceVersionDate "2008.11.26"]
[SourceQuality "1"]

1. e4 e6 2. d4 d5 3. exd5 exd5 4. Bd3 Nf6 5. Nf3 Bg4 6. O-O Be7 7. Re1 O-O 8. Nbd2 Nbd7 9. h3 Bh5 10. Nf1 c5 11. c3 cxd4 12. cxd4 Bb4 13. Re3 Bd6 14. b3 Rc8 15. Bb2 Bf4 16. Re1 Re8 17. Ne3 Bxe3 18. Rxe3 Rxe3 19. fxe3 Qe7 20. Qe2 Ne4 21. g4 Bg6 22. Rc1 Re8 23. Re1 h5 24. Bb5 hxg4 25. hxg4 f6 26. Qg2 a6 27. Nh4 Bh7 28. Bd3 Qe6 29. Rf1 Nb6 30. Nf5 Nc8 31. Rf4 Ncd6 32. Nxd6 Qxd6 33. Qc2 Qb4 34. Rf1 Qe7 35. Rf4 Qd7 36. Qg2 Qd6 37. Qe2 Qe7 38. Bc1 Qd7 39. Qg2 Qe7 40. Bb2 Qb4 41. Bc1 Qc3 42. Qf1 Rc8 43. Ba3 Qd2 44. Bxe4 Qxe3+ 45. Qf2 Qxf2+ 46. Rxf2 Bxe4 47. Bc5 Kf7 48. g5 f5 49. Kh2 Kg6 50. Kg3 Kxg5 51. Be7+ Kg6 0-1

[Event "Quebec-ch qual U2000a"]
[Site "Montreal CAN"]
[Date "2005.07.23"]
[Round "8"]
[White "Julien, Gabi"]
[Black "O'Connor, Michael"]
[Result "1-0"]
[WhiteElo "1783"]
[BlackElo "1770"]
[PlyCount "97"]
[GameId "2160767910901257"]
[EventDate "2005.07.15"]
[EventType "swiss"]
[EventRounds "9"]
[EventCountry "CAN"]
[SourceTitle "EXT 2009"]
[Source "ChessBase"]
[SourceDate "2008.11.26"]
[SourceVersion "1"]
[SourceVersionDate "2008.11.26"]
[SourceQuality "1"]

1. e4 c5 2. Nf3 Nc6 3. d4 cxd4 4. Nxd4 Nf6 5. Nc3 e5 6. Ndb5 d6 7. Bg5 a6 8. Na3 b5 9. Nd5 Be7 10. Bxf6 Bxf6 11. c3 Bg5 12. Nc2 Be6 13. a4 bxa4 14. Rxa4 a5 15. Bb5 Bd7 16. Rc4 Rc8 17. Na3 O-O 18. h4 Bf6 19. Nxf6+ Qxf6 20. Qa4 Qg6 21. g3 Nb8 22. O-O Bh3 23. Re1 Rcd8 24. Rc7 f5 25. exf5 Qxf5 26. Qc2 e4 27. Bf1 Bxf1 28. Kxf1 d5 29. Kg2 Nd7 30. Nb5 Qf3+ 31. Kg1 Qg4 32. Qe2 Qg6 33. Nd4 Ne5 34. Rf1 Rde8 35. Ra7 Nd3 36. Kh2 Rf6 37. Rxa5 Ref8 38. f4 exf3 39. Rxf3 Re8 40. Qxd3 Rb6 41. Qxg6 hxg6 42. b4 Rd6 43. Ra7 Red8 44. Rff7 Rc8 45. Rxg7+ Kh8 46. Kh3 Rxc3 47. Nb5 d4 48. Nxd6 d3 49. Rgb7 1-0

[Event "Quebec-ch qual. 1"]
[Site "Montreal CAN"]
[Date "2005.04.29"]
[Round "1"]
[White "Ber, Alexandre"]
[Black "Sicotte, Marc"]
[Result "0-1"]
[WhiteElo "1535"]
[BlackElo "1956"]
[PlyCount "78"]
[GameId "2160767910968633"]
[EventDate "2005.04.29"]
[EventType "swiss"]
[EventRounds "5"]
[EventCountry "CAN"]
[SourceTitle "CBM 106 Extra"]
[Source "ChessBase"]
[SourceDate "2005.07.01"]
[SourceVersion "1"]
[SourceVersionDate "2005.07.01"]
[SourceQuality "1"]

1. d4 Nf6 2. c4 g6 3. Nc3 d5 4. Nf3 Bg7 5. e3 O-O 6. Be2 b6 7. O-O Bb7 8. Nd2 Nbd7 9. cxd5 Nxd5 10. Nxd5 Bxd5 11. Bf3 Bxf3 12. Nxf3 e5 13. Bd2 e4 14. Ne1 c5 15. Bc3 Qe7 16. Nc2 Rfd8 17. Qe2 Nf8 18. Rad1 Rd5 19. dxc5 Rxd1 20. Rxd1 Bxc3 21. bxc3 Qxc5 22. Qd2 Rc8 23. Nd4 Qxc3 24. Qxc3 Rxc3 25. Nb5 Rc2 26. Nxa7 Rxa2 27. Nc8 Rb2 28. Kf1 Ne6 29. Ke1 Nc5 30. Kf1 f5 31. Rd6 b5 32. Ne7+ Kf7 33. Nd5 Nd3 34. Rb6 Rxf2+ 35. Kg1 Rb2 36. Rb7+ Kf8 37. h3 Rb1+ 38. Kh2 b4 39. Nc3 bxc3 0-1

[Event "Quebec-ch qual. 1"]
[Site "Montreal CAN"]
[Date "2005.04.29"]
[Round "1"]
[White "Mathews, Theo"]
[Black "Cloutier, Mathieu"]
[Result "1/2-1/2"]
[WhiteElo "1595"]
[BlackElo "2008"]
[PlyCount "119"]
[GameId "2160767910968635"]
[EventDate "2005.04.29"]
[EventType "swiss"]
[EventRounds "5"]
[EventCountry "CAN"]
[SourceTitle "CBM 106 Extra"]
[Source "ChessBase"]
[SourceDate "2005.07.01"]
[SourceVersion "1"]
[SourceVersionDate "2005.07.01"]
[SourceQuality "1"]

1. e4 c5 2. Nf3 d6 3. d4 cxd4 4. Nxd4 Nf6 5. Nc3 a6 6. Be2 e5 7. Nb3 Be7 8. O-O O-O 9. Be3 Qc7 10. f4 b5 11. a3 Bb7 12. Bf3 Nbd7 13. f5 Nb6 14. Nd2 d5 15. exd5 Nbxd5 16. Nxd5 Nxd5 17. Bxd5 Bxd5 18. f6 Bxf6 19. Rxf6 gxf6 20. Bh6 Kh8 21. Bxf8 Rxf8 22. Nf3 Qc6 23. Qe2 Rg8 24. Nh4 Qe6 25. Rd1 e4 26. g3 Qb6+ 27. Kh1 Qe6 28. Ng2 e3 29. Kg1 Qe4 30. Rd3 Re8 31. c3 Bc4 32. Rxe3 Qb1+ 33. Qe1 Qxb2 34. Qf2 Qxf2+ 35. Kxf2 Rd8 36. Ke1 Be6 37. Nf4 Rd6 38. Rd3 Rxd3 39. Nxd3 Kg7 40. Kf2 Kf8 41. Ke3 Ke7 42. Kd4 Kd6 43. Nc5 a5 44. Ne4+ Kc6 45. Nxf6 h6 46. Ng8 h5 47. Nf6 Bg4 48. h3 Bxh3 49. Nxh5 Bg4 50. Nf4 Bf3 51. Nd3 Kd6 52. Ne5 Bd5 53. Nd3 Be6 54. Nf4 Bg4 55. Ng2 Ke6 56. Ne3 Be2 57. Nd5 Kf5 58. Ne3+ Kg5 59. Ke5 Bd3 60. Kd4 1/2-1/2

[Event "Quebec-ch qual. 1"]
[Site "Montreal CAN"]
[Date "2005.04.29"]
[Round "1"]
[White "Moore, Ronald"]
[Black "Bekteshi, Muhamet"]
[Result "0-1"]
[WhiteElo "1767"]
[BlackElo "2108"]
[PlyCount "49"]
[GameId "2160767910968636"]
[EventDate "2005.04.29"]
[EventType "swiss"]
[EventRounds "5"]
[EventCountry "CAN"]
[SourceTitle "CBM 106 Extra"]
[Source "ChessBase"]
[SourceDate "2005.07.01"]
[SourceVersion "1"]
[SourceVersionDate "2005.07.01"]
[SourceQuality "1"]

1. d4 d5 2. Bg5 h6 3. Bh4 g5 4. Bg3 Bg7 5. e3 Nf6 6. Bd3 c5 7. c3 Bg4 8. Qc2 Nbd7 9. Nd2 Nh5 10. f3 Nxg3 11. hxg3 Be6 12. Ne2 Qc7 13. e4 O-O-O 14. a4 Nf6 15. e5 Nd7 16. b4 f6 17. f4 Bg4 18. b5 h5 19. a5 e6 20. b6 axb6 21. axb6 Qxb6 22. Rb1 Qc7 23. dxc5 Nxc5 24. Nd4 fxe5 25. N4b3 0-1

[Event "Quebec-ch qual. 1"]
[Site "Montreal CAN"]
[Date "2005.04.29"]
[Round "1"]
[White "Ramaswamy, Kishor"]
[Black "Piche, Justin"]
[Result "1-0"]
[WhiteElo "2036"]
[BlackElo "1600"]
[PlyCount "59"]
[GameId "2160767910968637"]
[EventDate "2005.04.29"]
[EventType "swiss"]
[EventRounds "5"]
[EventCountry "CAN"]
[SourceTitle "CBM 106 Extra"]
[Source "ChessBase"]
[SourceDate "2005.07.01"]
[SourceVersion "1"]
[SourceVersionDate "2005.07.01"]
[SourceQuality "1"]

1. d4 d5 2. Nf3 Nf6 3. Bg5 e6 4. Nbd2 h6 5. Bh4 c5 6. e3 a6 7. c3 Nc6 8. Bd3 b6 9. O-O Bb7 10. Ne5 Be7 11. f4 Nd7 12. Qh5 Ndxe5 13. fxe5 g6 14. Qf3 Rf8 15. Bxe7 Qxe7 16. Qf4 h5 17. Nf3 f5 18. exf6 Rxf6 19. Qg5 Kd7 20. Ne5+ Nxe5 21. Rxf6 Nxd3 22. Qxg6 Kd6 23. Rf7 Qe8 24. Qg3+ Kc6 25. Rc7+ Kb5 26. Rxb7 Rc8 27. a4+ Ka5 28. dxc5 bxc5 29. Qd6 Rc6 30. b4+ 1-0

[Event "Quebec-ch qual. 1"]
[Site "Montreal CAN"]
[Date "2005.04.29"]
[Round "1"]
[White "Rodriguez, Aaron"]
[Black "Anastasovski, Nikola"]
[Result "0-1"]
[WhiteElo "1812"]
[BlackElo "2159"]
[PlyCount "88"]
[GameId "2160767910968638"]
[EventDate "2005.04.29"]
[EventType "swiss"]
[EventRounds "5"]
[EventCountry "CAN"]
[SourceTitle "CBM 106 Extra"]
[Source "ChessBase"]
[SourceDate "2005.07.01"]
[SourceVersion "1"]
[SourceVersionDate "2005.07.01"]
[SourceQuality "1"]

1. e4 e5 2. Nf3 Nc6 3. Bb5 f5 4. d3 Nf6 5. O-O fxe4 6. dxe4 d6 7. Nc3 Bg4 8. h3 Bh5 9. Be3 Qd7 10. a4 Be7 11. Bc4 h6 12. Nd5 Nxe4 13. Nxe5 Bxd1 14. Nxd7 Bxc2 15. Nxc7+ Kxd7 16. Nxa8 Nc5 17. Rac1 Bd3 18. Rfd1 Bxc4 19. Rxc4 Ne6 20. Nb6+ axb6 21. Bxb6 g5 22. b4 Bd8 23. Be3 Rf8 24. h4 Rf5 25. b5 Ne7 26. hxg5 hxg5 27. Bd2 Rd5 28. Rcc1 Nd4 29. Kf1 Nb3 30. Rc2 Ba5 31. Ke2 Nd4+ 32. Kd3 Nxc2+ 33. Kxc2 Bxd2 34. Rxd2 Rxd2+ 35. Kxd2 b6 36. Ke3 d5 37. f4 g4 38. Kd3 Kd6 39. Kd4 Nf5+ 40. Kd3 Nh4 41. Kd4 Nxg2 42. f5 Nf4 43. f6 g3 44. Ke3 d4+ 0-1

[Event "Quebec-ch qual. 1"]
[Site "Montreal CAN"]
[Date "2005.04.29"]
[Round "1"]
[White "Singher, Jean-Pierre"]
[Black "Joanis, Marc-Andre"]
[Result "0-1"]
[WhiteElo "2056"]
[BlackElo "1688"]
[PlyCount "94"]
[GameId "2160767910968639"]
[EventDate "2005.04.29"]
[EventType "swiss"]
[EventRounds "5"]
[EventCountry "CAN"]
[SourceTitle "CBM 106 Extra"]
[Source "ChessBase"]
[SourceDate "2005.07.01"]
[SourceVersion "1"]
[SourceVersionDate "2005.07.01"]
[SourceQuality "1"]

1. Nf3 Nf6 2. d4 g6 3. g3 d5 4. Bg2 Bg7 5. O-O O-O 6. Nbd2 c6 7. c4 Nbd7 8. Qb3 dxc4 9. Nxc4 Nb6 10. Na5 Be6 11. Qc2 Bf5 12. Qb3 Be6 13. Qd1 Qc8 14. Ng5 Bd7 15. Bd2 h6 16. Nf3 Nbd5 17. Ne5 Rd8 18. e4 Nb6 19. Rc1 e6 20. Be3 Be8 21. Qd2 Qc7 22. Rfd1 Kh7 23. Qe2 Nbd7 24. b4 Nxe5 25. dxe5 Nd7 26. f4 Bf8 27. Qb2 Be7 28. a3 c5 29. Nb3 c4 30. Nd4 a6 31. f5 Qxe5 32. Bf4 Qf6 33. fxe6 fxe6 34. Bc7 Rdc8 35. e5 Nxe5 36. Rf1 Nd3 37. Qc3 Nxc1 38. Rxf6 Bxf6 39. Qxc1 Bxd4+ 40. Kf1 Rxc7 41. Be4 Rac8 42. Kg2 c3 43. Bc2 Bc6+ 44. Kh3 e5 45. Qd1 Bd7+ 46. Kh4 Rc4 47. g4 Bf2+ 0-1

[Event "Quebec-ch qual. 1"]
[Site "Montreal CAN"]
[Date "2005.04.29"]
[Round "1"]
[White "Sullivan, Neil"]
[Black "Samson, Gaetan"]
[Result "1-0"]
[WhiteElo "2122"]
[BlackElo "1803"]
[PlyCount "47"]
[GameId "2160767910968640"]
[EventDate "2005.04.29"]
[EventType "swiss"]
[EventRounds "5"]
[EventCountry "CAN"]
[SourceTitle "CBM 106 Extra"]
[Source "ChessBase"]
[SourceDate "2005.07.01"]
[SourceVersion "1"]
[SourceVersionDate "2005.07.01"]
[SourceQuality "1"]

1. e4 c5 2. Nc3 Nc6 3. g3 g6 4. Bg2 Bg7 5. d3 d6 6. Be3 a6 7. Qd2 Be6 8. Nge2 Nd4 9. O-O Bh3 10. f4 Bxg2 11. Kxg2 Nxe2 12. Nxe2 Qd7 13. c3 Nf6 14. h3 h5 15. Rab1 Rc8 16. f5 gxf5 17. Rxf5 c4 18. Rbf1 cxd3 19. Nd4 e5 20. Nb3 Qa4 21. Qxd3 Qxa2 22. Qxd6 Nxe4 23. Rxe5+ Bxe5 24. Qxe5+ 1-0

[Event "Quebec-ch qual. 1"]
[Site "Montreal CAN"]
[Date "2005.04.30"]
[Round "2"]
[White "Anastasovski, Nikola"]
[Black "Hajiyev, Elshad"]
[Result "1-0"]
[WhiteElo "2159"]
[BlackElo "1940"]
[PlyCount "49"]
[GameId "2160767910968641"]
[EventDate "2005.04.29"]
[EventType "swiss"]
[EventRounds "5"]
[EventCountry "CAN"]
[SourceTitle "CBM 106 Extra"]
[Source "ChessBase"]
[SourceDate "2005.07.01"]
[SourceVersion "1"]
[SourceVersionDate "2005.07.01"]
[SourceQuality "1"]

1. e4 c5 2. c4 Nc6 3. Nc3 g6 4. g3 Bg7 5. Bg2 d6 6. d3 Nf6 7. h3 O-O 8. Be3 a6 9. Qd2 Rb8 10. f4 Bd7 11. Nge2 b5 12. O-O Qa5 13. f5 Ne5 14. b3 Nc6 15. Rae1 Nh5 16. Rc1 Nd4 17. Nxd4 cxd4 18. Nd5 Qd8 19. Bh6 Nf6 20. Bxg7 Kxg7 21. g4 Nxd5 22. exd5 Qb6 23. Rce1 Rfe8 24. Rxe7 Qd8 25. f6+ 1-0

[Event "Quebec-ch qual. 1"]
[Site "Montreal CAN"]
[Date "2005.04.30"]
[Round "2"]
[White "Bekteshi, Muhamet"]
[Black "Malveau, Cedric"]
[Result "1-0"]
[WhiteElo "2108"]
[BlackElo "1926"]
[PlyCount "135"]
[GameId "2160767910968642"]
[EventDate "2005.04.29"]
[EventType "swiss"]
[EventRounds "5"]
[EventCountry "CAN"]
[SourceTitle "CBM 106 Extra"]
[Source "ChessBase"]
[SourceDate "2005.07.01"]
[SourceVersion "1"]
[SourceVersionDate "2005.07.01"]
[SourceQuality "1"]

1. d4 Nf6 2. c4 e6 3. Nf3 Bb4+ 4. Bd2 Qe7 5. a3 Bxd2+ 6. Nbxd2 d5 7. e3 O-O 8. Bd3 a5 9. O-O b6 10. Rc1 Na6 11. cxd5 exd5 12. Bb1 c5 13. Ne5 c4 14. e4 b5 15. Re1 Qd6 16. exd5 Nc7 17. b3 Qxd5 18. Ne4 Ra6 19. bxc4 bxc4 20. Rxc4 Na8 21. Nxf6+ Rxf6 22. Be4 Qd8 23. Bxa8 Ba6 24. Rc5 Qxa8 25. Nd7 Rg6 26. f3 Rd8 27. Ne5 Rgd6 28. Qb3 Qb7 29. Qxb7 Bxb7 30. Rc7 Bd5 31. Ra7 Be6 32. Rxa5 f6 33. Ng4 Bxg4 34. fxg4 Rxd4 35. h3 Rd2 36. Ra7 Rd1 37. Kf2 R8d2+ 38. Re2 Rxe2+ 39. Kxe2 Ra1 40. Kf3 Rf1+ 41. Ke2 Ra1 42. a4 Ra2+ 43. Kf3 Ra3+ 44. Kf4 Ra2 45. Kg3 Ra3+ 46. Kh2 Ra2 47. a5 h6 48. a6 Kh7 49. h4 h5 50. gxh5 Kh6 51. Kh3 Ra3+ 52. Kg4 Ra4+ 53. Kf3 Rxh4 54. g4 Rh3+ 55. Ke4 Ra3 56. Kd5 Ra4 57. Kc6 Rxg4 58. Rb7 Ra4 59. a7 f5 60. Kb5 Ra1 61. Rb6+ Kxh5 62. Ra6 Rxa6 63. Kxa6 g5 64. a8=Q g4 65. Kb5 Kh4 66. Kc4 Kg3 67. Kd3 Kf2 68. Qf8 1-0

[Event "Quebec-ch qual. 1"]
[Site "Montreal CAN"]
[Date "2005.04.30"]
[Round "2"]
[White "Dimev, Kiril"]
[Black "Ramaswamy, Kishor"]
[Result "1-0"]
[WhiteElo "1853"]
[BlackElo "2036"]
[PlyCount "54"]
[GameId "2160767910968643"]
[EventDate "2005.04.29"]
[EventType "swiss"]
[EventRounds "5"]
[EventCountry "CAN"]
[SourceTitle "CBM 106 Extra"]
[Source "ChessBase"]
[SourceDate "2005.07.01"]
[SourceVersion "1"]
[SourceVersionDate "2005.07.01"]
[SourceQuality "1"]

1. d4 d5 2. c4 e6 3. Nf3 Nf6 4. g3 dxc4 5. Qa4+ Bd7 6. Qxc4 Bc6 7. Bg2 Bd5 8. Qd3 Be4 9. Qd1 c5 10. Nc3 Bc6 11. O-O Nbd7 12. Be3 Be7 13. Rc1 O-O 14. Qd3 cxd4 15. Nxd4 Bxg2 16. Kxg2 Nc5 17. Qb1 Ng4 18. Nc2 Nxe3+ 19. Nxe3 Rc8 20. b4 Na6 21. a3 Bg5 22. Qe4 Qb6 23. f4 Bf6 24. Nc4 Qc6 25. Qxc6 Rxc6 26. Ne4 Rfc8 27. Ned6 R8c7 1-0

[Event "Quebec-ch qual. 1"]
[Site "Montreal CAN"]
[Date "2005.04.30"]
[Round "2"]
[White "Gauthier, Denis"]
[Black "Sullivan, Neil"]
[Result "0-1"]
[WhiteElo "1892"]
[BlackElo "2122"]
[PlyCount "70"]
[GameId "2160767910968644"]
[EventDate "2005.04.29"]
[EventType "swiss"]
[EventRounds "5"]
[EventCountry "CAN"]
[SourceTitle "CBM 106 Extra"]
[Source "ChessBase"]
[SourceDate "2005.07.01"]
[SourceVersion "1"]
[SourceVersionDate "2005.07.01"]
[SourceQuality "1"]

1. d4 d5 2. c4 e6 3. Nc3 c5 4. cxd5 cxd4 5. Qa4+ Bd7 6. Qxd4 exd5 7. Qxd5 Nc6 8. Nf3 Nf6 9. Qd1 Bc5 10. e3 Qe7 11. Bb5 O-O-O 12. Qe2 g5 13. O-O Rhe8 14. Qc2 Kb8 15. a3 g4 16. Nd4 Nxd4 17. exd4 Bxd4 18. Bf4+ Ka8 19. Rad1 Qc5 20. Qa4 a6 21. Bxd7 Rxd7 22. Kh1 Red8 23. Rc1 Bxc3 24. Rxc3 Qxf2 25. Rcc1 Qxb2 26. Rb1 Qc3 27. Bg5 Rd6 28. Qf4 Nd5 29. Qxf7 R8d7 30. Qg8+ Ka7 31. Bh4 h5 32. Bg3 Rd8 33. Qf7 R6d7 34. Qxh5 Rh8 35. Qf5 Qxg3 0-1

[Event "Quebec-ch qual. 1"]
[Site "Montreal CAN"]
[Date "2005.04.30"]
[Round "2"]
[White "Ostaci, Liviu"]
[Black "Bergeron, Rene"]
[Result "1-0"]
[WhiteElo "1934"]
[BlackElo "1092"]
[PlyCount "79"]
[GameId "2160767910968646"]
[EventDate "2005.04.29"]
[EventType "swiss"]
[EventRounds "5"]
[EventCountry "CAN"]
[SourceTitle "CBM 106 Extra"]
[Source "ChessBase"]
[SourceDate "2005.07.01"]
[SourceVersion "1"]
[SourceVersionDate "2005.07.01"]
[SourceQuality "1"]

1. e4 d5 2. d4 dxe4 3. Bc4 Bf5 4. Be3 e6 5. g4 Bg6 6. h4 h6 7. Ne2 Nf6 8. Ng3 Bd6 9. Rg1 Nd5 10. h5 Nxe3 11. fxe3 Bh7 12. Nc3 Qg5 13. Qe2 Bb4 14. O-O-O Bxc3 15. bxc3 O-O 16. Nh1 a6 17. d5 b5 18. Bb3 e5 19. d6 cxd6 20. Rxd6 Ra7 21. Rgd1 Rc7 22. Nf2 Rxc3 23. Re1 Rfc8 24. Bd5 Rxc2+ 25. Qxc2 Rxc2+ 26. Kxc2 Qe7 27. Rd1 Qc7+ 28. Kb2 g6 29. hxg6 Bxg6 30. Rxg6+ Kf8 31. Rf6 Qc5 32. Rxf7+ Ke8 33. Nxe4 Qb4+ 34. Ka1 Nd7 35. Rc1 Nb6 36. Rh7 Nc4 37. Bxc4 bxc4 38. Rb1 a5 39. Rxb4 axb4 40. Nd6+ 1-0

[Event "Quebec-ch qual. 1"]
[Site "Montreal CAN"]
[Date "2005.04.30"]
[Round "2"]
[White "Sicotte, Marc"]
[Black "Delisle, Louis-Martin"]
[Result "1-0"]
[WhiteElo "1956"]
[BlackElo "1893"]
[PlyCount "117"]
[GameId "2160767910968647"]
[EventDate "2005.04.29"]
[EventType "swiss"]
[EventRounds "5"]
[EventCountry "CAN"]
[SourceTitle "CBM 106 Extra"]
[Source "ChessBase"]
[SourceDate "2005.07.01"]
[SourceVersion "1"]
[SourceVersionDate "2005.07.01"]
[SourceQuality "1"]

1. c4 g5 2. d4 c5 3. d5 Bg7 4. Nc3 h6 5. e4 d6 6. Bd3 Nf6 7. Nge2 Nh5 8. O-O Nd7 9. f4 gxf4 10. Nxf4 Nxf4 11. Bxf4 Bd4+ 12. Kh1 Ne5 13. Be2 Bd7 14. Bh5 Ng6 15. Bd2 Bf6 16. Qc1 Qb6 17. Rb1 O-O-O 18. Ne2 Rdg8 19. b4 Qa6 20. bxc5 dxc5 21. Bxg6 Rxg6 22. Rf3 Qd6 23. Ra3 Kb8 24. Bf4 Be5 25. Bxe5 Qxe5 26. Qb2 Qxb2 27. Rxb2 Rhg8 28. Nf4 Rg4 29. g3 R4g5 30. Nd3 Rc8 31. Ra5 Bg4 32. Kg2 Rg6 33. Rxc5 Rxc5 34. Nxc5 Rb6 35. Rxb6 axb6 36. Nd3 Be2 37. Nb2 Kc7 38. Kf2 Bh5 39. e5 Bg6 40. Ke3 Kb8 41. Na4 Kc7 42. Nc3 Bc2 43. Kd4 Kd7 44. c5 bxc5+ 45. Kxc5 Kc8 46. Nb5 Bd3 47. d6 Kd7 48. dxe7 Kxe7 49. Nd6 Ke6 50. Nxb7 Kxe5 51. Nd6 f5 52. Nf7+ Kf6 53. Nxh6 Kg7 54. Nxf5+ Bxf5 55. a4 Kf6 56. a5 Kg5 57. a6 Kg4 58. a7 Be4 59. h4 1-0

[Event "Quebec-ch qual. 1"]
[Site "Montreal CAN"]
[Date "2005.04.30"]
[Round "2"]
[White "Xavier-Bonifay, Jean-Luc"]
[Black "Mathews, Theo"]
[Result "1-0"]
[WhiteElo "1402"]
[BlackElo "1595"]
[PlyCount "83"]
[GameId "2160767910968648"]
[EventDate "2005.04.29"]
[EventType "swiss"]
[EventRounds "5"]
[EventCountry "CAN"]
[SourceTitle "CBM 106 Extra"]
[Source "ChessBase"]
[SourceDate "2005.07.01"]
[SourceVersion "1"]
[SourceVersionDate "2005.07.01"]
[SourceQuality "1"]

1. e4 e5 2. Nf3 Nf6 3. Nxe5 d6 4. Nf3 Nxe4 5. Nc3 Nxc3 6. bxc3 Be7 7. d4 d5 8. h3 O-O 9. Bd3 b6 10. O-O Ba6 11. Bf4 Bxd3 12. Qxd3 Nd7 13. Rfe1 c6 14. Re2 Nf6 15. Ne5 Rc8 16. Rae1 Bd6 17. Bg5 h6 18. Bxf6 gxf6 19. Ng4 Kg7 20. Qf5 Rh8 21. Qh5 Qd7 22. Re3 f5 23. Ne5 Bxe5 24. dxe5 Rhe8 25. Rf3 Re6 26. Rxf5 Qe7 27. Re3 Rg6 28. Ref3 Rf8 29. h4 Qa3 30. e6 f6 31. Re3 Qe7 32. Qf3 Kh7 33. g4 Rfg8 34. Kf1 Rxg4 35. Rxf6 Rg1+ 36. Ke2 R1g7 37. Rf7 Qxh4 38. e7 Re8 39. Qf5+ Kh8 40. Rf8+ Rg8 41. Qe5+ Kh7 42. Rf7+ 1-0

[Event "Quebec-ch qual. 1"]
[Site "Montreal CAN"]
[Date "2005.04.30"]
[Round "3"]
[White "Anastasovski, Nikola"]
[Black "Dumouchel, Alain"]
[Result "0-1"]
[WhiteElo "2159"]
[BlackElo "2051"]
[PlyCount "28"]
[GameId "2160767910968649"]
[EventDate "2005.04.29"]
[EventType "swiss"]
[EventRounds "5"]
[EventCountry "CAN"]
[SourceTitle "CBM 106 Extra"]
[Source "ChessBase"]
[SourceDate "2005.07.01"]
[SourceVersion "1"]
[SourceVersionDate "2005.07.01"]
[SourceQuality "1"]

1. e4 e5 2. Nf3 Nc6 3. Bb5 f5 4. d3 Bc5 5. O-O fxe4 6. Nxe5 Nf6 7. Nc3 Nxe5 8. d4 Qe7 9. Bg5 c6 10. Bc4 Nxc4 11. Bxf6 Qxf6 12. Nxe4 Qxd4 13. Qh5+ g6 14. Nf6+ Kf7 0-1

[Event "Quebec-ch qual. 1"]
[Site "Montreal CAN"]
[Date "2005.04.30"]
[Round "3"]
[White "Ber, Alexandre"]
[Black "Bonifay, Xavier"]
[Result "0-1"]
[WhiteElo "1535"]
[BlackElo "1401"]
[PlyCount "54"]
[GameId "2160767910968650"]
[EventDate "2005.04.29"]
[EventType "swiss"]
[EventRounds "5"]
[EventCountry "CAN"]
[SourceTitle "CBM 106 Extra"]
[Source "ChessBase"]
[SourceDate "2005.07.01"]
[SourceVersion "1"]
[SourceVersionDate "2005.07.01"]
[SourceQuality "1"]

1. d4 c6 2. c4 d5 3. Nc3 Nf6 4. Nf3 dxc4 5. a4 Bf5 6. Bg5 Qb6 7. Qc1 Nbd7 8. e3 e6 9. Bxc4 Bb4 10. O-O Qa5 11. h3 Ne4 12. Nxe4 Bxe4 13. Ne5 Nxe5 14. dxe5 Qxe5 15. Bf4 Qf6 16. f3 Bd5 17. Rd1 O-O 18. Qc2 Bxc4 19. Qxc4 a5 20. b3 Rad8 21. Qe2 Bc5 22. Kf1 e5 23. Bg3 e4 24. Bc7 Rxd1+ 25. Rxd1 exf3 26. gxf3 Qe6 27. Bxa5 Qxh3+ 0-1

[Event "Quebec-ch qual. 1"]
[Site "Montreal CAN"]
[Date "2005.04.30"]
[Round "3"]
[White "Bergeron, Rene"]
[Black "Gauthier, Denis"]
[Result "0-1"]
[WhiteElo "1092"]
[BlackElo "1892"]
[PlyCount "69"]
[GameId "2160767910968652"]
[EventDate "2005.04.29"]
[EventType "swiss"]
[EventRounds "5"]
[EventCountry "CAN"]
[SourceTitle "CBM 106 Extra"]
[Source "ChessBase"]
[SourceDate "2005.07.01"]
[SourceVersion "1"]
[SourceVersionDate "2005.07.01"]
[SourceQuality "1"]

1. e4 d5 2. Bd3 dxe4 3. Bxe4 Nf6 4. Bf3 e5 5. d3 Be7 6. Bg5 c6 7. Nc3 Be6 8. Nge2 h6 9. Bh4 Nbd7 10. a3 Qb6 11. b4 O-O-O 12. Na4 Qc7 13. O-O g5 14. Bg3 g4 15. Be4 Nxe4 16. dxe4 Nb6 17. Nxb6+ Qxb6 18. Qe1 f6 19. Kh1 Bc4 20. f4 Qe3 21. Nc3 Qb6 22. Rf2 h5 23. Bh4 Rhe8 24. fxe5 fxe5 25. Bxe7 Rxe7 26. Na4 Qd4 27. Rf5 h4 28. c3 Qd3 29. Nb2 Qe2 30. Nxc4 Qxc4 31. Rc1 h3 32. Rc2 Qxe4 33. Re2 Qxf5 34. Kg1 hxg2 35. Rxg2 0-1

[Event "Quebec-ch qual. 1"]
[Site "Montreal CAN"]
[Date "2005.04.30"]
[Round "3"]
[White "Cloutier, Mathieu"]
[Black "Rodriguez, Aaron"]
[Result "1-0"]
[WhiteElo "2008"]
[BlackElo "1812"]
[PlyCount "41"]
[GameId "2160767910968653"]
[EventDate "2005.04.29"]
[EventType "swiss"]
[EventRounds "5"]
[EventCountry "CAN"]
[SourceTitle "CBM 106 Extra"]
[Source "ChessBase"]
[SourceDate "2005.07.01"]
[SourceVersion "1"]
[SourceVersionDate "2005.07.01"]
[SourceQuality "1"]

1. e4 g6 2. d4 Bg7 3. Nf3 d6 4. Nc3 Nf6 5. Be2 O-O 6. h3 Nbd7 7. Be3 e5 8. Qd2 Re8 9. dxe5 Nxe5 10. Nxe5 Rxe5 11. f3 Nh5 12. O-O-O Ng3 13. Rhe1 Nxe2+ 14. Rxe2 Ra5 15. Bd4 f6 16. Nd5 Rxa2 17. Qc3 Be6 18. Nxc7 Rc8 19. Nxe6 Rxc3 20. Nxd8 Bh6+ 21. Kb1 1-0